[Event "Winnipeg Yanofsky Memorial U1800"]
[Site "Winnipeg"]
[Date "2012.07.27"]
[Round "1"]
[White "Leaden, Bruce"]
[Black "Wasserman, Arie"]
[Result "0-1"]
[WhiteElo "1544"]
[BlackElo "1736"]
[PlyCount "70"]
[EventDate "2012.07.27"]
[EventType "swiss"]
[EventRounds "5"]
[EventCountry "CAN"]
[SourceTitle "EXT 2022"]
[Source "ChessBase"]
[SourceDate "2021.10.06"]
[SourceVersion "1"]
[SourceVersionDate "2021.10.06"]
[SourceQuality "1"]

1. e4 e5 2. Nf3 Nc6 3. d4 exd4 4. Bc4 Bb4+ 5. c3 dxc3 6. bxc3 Ba5 7. Qb3 Qe7 8. 0-0 Bb6 9. Bg5 Nf6 10. Re1 Na5 11. Bxf6 Bxf2+ 12. Kxf2 gxf6 13. Bxf7+ Qxf7 14. Qxf7+ Kxf7 15. Nbd2 d6 16. Rab1 b6 17. Nd4 Ba6 18. Nb5 Bxb5 19. Rxb5 Nc6 20. Nf3 Ne5 21. Nxe5+ fxe5 22. Rd5 Ke6 23. Red1 Rhf8+ 24. Ke3 Rf7 25. a4 Rg8 26. R1d2 Rfg7 27. Kf3 h5 28. Rb5 a5 29. Rbd5 Rg4 30. g3 h4 31. Rg2 R4g6 32. c4 Rf6+ 33. Ke3 hxg3 34. hxg3 Rgf8 35. Rdd2 Rf3+ 0-1

[Event "Winnipeg TNT January op"]
[Site "Winnipeg"]
[Date "2011.01.04"]
[Round "1.4"]
[White "Wasserman, Arie"]
[Black "Mundwiler, Les"]
[Result "0-1"]
[WhiteElo "1735"]
[BlackElo "2029"]
[PlyCount "48"]
[EventDate "2011.01.04"]
[EventType "swiss"]
[EventRounds "4"]
[EventCountry "CAN"]
[SourceTitle "EXT 2022"]
[Source "ChessBase"]
[SourceDate "2021.10.06"]
[SourceVersion "1"]
[SourceVersionDate "2021.10.06"]
[SourceQuality "1"]

1. e4 c5 2. Nc3 Nc6 3. Bc4 e6 4. a3 Nge7 5. Nf3 Ng6 6. d3 Be7 7. 0-0 0-0 8. Be3 b6 9. Ne2 d5 10. exd5 exd5 11. Bb3 d4 12. Bd2 Bg4 13. Ng3 Nce5 14. Kh1 Bd6 15. h3 Bxf3 16. gxf3 Qh4 17. Kg2 Rad8 18. Nf5 Nf4+ 19. Bxf4 Qxf4 20. Nxd6 Rxd6 21. Re1 Rg6+ 22. Kf1 Nxf3 23. Re4 Nd2+ 24. Ke2 Nxe4 0-1

[Event "Winnipeg TNT October op"]
[Site "Winnipeg"]
[Date "2010.10.05"]
[Round "2"]
[White "Wasserman, Arie"]
[Black "Milward, Dave"]
[Result "1-0"]
[WhiteElo "1742"]
[BlackElo "1748"]
[PlyCount "61"]
[EventDate "2010.10.05"]
[EventType "swiss"]
[EventRounds "4"]
[EventCountry "CAN"]
[SourceTitle "EXT 2022"]
[Source "ChessBase"]
[SourceDate "2021.10.06"]
[SourceVersion "1"]
[SourceVersionDate "2021.10.06"]
[SourceQuality "1"]

1. e4 c5 2. Nf3 d6 3. c3 Bg4 4. h3 Bh5 5. Be2 Nf6 6. Qb3 Qc7 7. d3 e6 8. Bf4 Be7 9. e5 Nfd7 10. exd6 Bxd6 11. Bxd6 Qxd6 12. Qxb7 Nb6 13. Na3 0-0 14. Nb5 Bxf3 15. Nxd6 Bxb7 16. Nxb7 Nc6 17. Bf3 Rac8 18. Nd6 Rcd8 19. Nb7 Rc8 20. Nxc5 Ne5 21. d4 Nxf3+ 22. gxf3 e5 23. Nb3 Nc4 24. 0-0-0 Rfe8 25. Rhe1 Re6 26. dxe5 Nxe5 27. Re3 Kf8 28. f4 Nc4 29. Rxe6 fxe6 30. Rd7 Ra8 31. Nd4 1-0

[Event "Winnipeg TNT May op"]
[Site "Winnipeg"]
[Date "2010.05.25"]
[Round "4"]
[White "Milord, Frank"]
[Black "Wasserman, Arie"]
[Result "1/2-1/2"]
[WhiteElo "1637"]
[BlackElo "1698"]
[PlyCount "128"]
[EventDate "2010.05.04"]
[EventType "swiss"]
[EventRounds "4"]
[EventCountry "CAN"]
[SourceTitle "EXT 2022"]
[Source "ChessBase"]
[SourceDate "2021.10.06"]
[SourceVersion "1"]
[SourceVersionDate "2021.10.06"]
[SourceQuality "1"]

1. d4 d5 2. c4 Nf6 3. Nc3 h6 4. e3 Nc6 5. Nf3 Bg4 6. h3 Bh5 7. Bd3 e5 8. cxd5 Nxd5 9. Be2 Bb4 10. Bd2 exd4 11. Nxd4 Bxe2 12. Qxe2 0-0 13. Nxc6 bxc6 14. Rc1 Nxc3 15. Bxc3 Bxc3+ 16. Rxc3 Qd5 17. 0-0 Qxa2 18. Rxc6 Rab8 19. Ra6 Qxb2 20. Qxb2 Rxb2 21. Rxa7 Rc2 22. Rd1 Rb8 23. Raa1 Rbb2 24. Rf1 c5 25. Rac1 f6 26. Rxc2 Rxc2 27. Rd1 Kf7 28. Kf1 Ke6 29. g4 g5 30. Kg2 c4 31. Kf3 c3 32. Rd3 Rc1 33. e4 c2 34. Rd2 Ke5 35. Rd5+ Ke6 36. Rc5 Rh1 37. Rxc2 Rxh3+ 38. Kg2 Rd3 39. Rc5 Kf7 40. Rc6 Rd4 41. f3 Kg7 42. Rc7+ Kg6 43. Rc6 Kg7 44. Kf2 Rd1 45. Ke2 Rh1 46. Rc7+ Kg6 47. Rc6 Kf7 48. Rc5 Ke6 49. Rd5 h5 50. gxh5 Rxh5 51. Kf2 Rh4 52. Kg2 Rf4 53. Ra5 g4 54. fxg4 Rxe4 55. Kf3 Rb4 56. Ra6+ Kf7 57. Ra7+ Kg6 58. Ra5 Rb7 59. Kf4 Rb4+ 60. Kg3 Rb3+ 61. Kh4 Re3 62. Ra6 Re5 63. Rb6 Re4 64. Rb5 Re5 1/2-1/2

[Event "Winnipeg TNT May op"]
[Site "Winnipeg"]
[Date "2010.05.04"]
[Round "1"]
[White "Wasserman, Arie"]
[Black "Kaptsan, Aron"]
[Result "1/2-1/2"]
[WhiteElo "1698"]
[BlackElo "2045"]
[PlyCount "70"]
[EventDate "2010.05.04"]
[EventType "swiss"]
[EventRounds "4"]
[EventCountry "CAN"]
[SourceTitle "EXT 2022"]
[Source "ChessBase"]
[SourceDate "2021.10.06"]
[SourceVersion "1"]
[SourceVersionDate "2021.10.06"]
[SourceQuality "1"]

1. e4 e5 2. Nf3 Nc6 3. Bc4 Nf6 4. Nc3 Be7 5. a3 0-0 6. d3 d6 7. h3 Nd4 8. Nxd4 exd4 9. Nd5 Nxd5 10. Bxd5 c6 11. Bb3 Be6 12. Ba2 Bxa2 13. Rxa2 f5 14. 0-0 f4 15. Qg4 f3 16. g3 Rf6 17. Bg5 Rg6 18. Bxe7 Qxe7 19. Qxf3 Qe6 20. Raa1 Qxh3 21. Qg2 Qg4 22. Rae1 Re8 23. c3 dxc3 24. bxc3 h5 25. Kh2 h4 26. Qh3 hxg3+ 27. Qxg3 Qh5+ 28. Qh3 Re5 29. Re3 Qg5 30. Qc8+ Kf7 31. Rg3 Qf4 32. Kg2 Re7 33. Rxg6 Kxg6 34. Rg1 Kf7 35. Rb1 Qd2 1/2-1/2

[Event "Winnipeg TNT October op"]
[Site "Winnipeg"]
[Date "2009.10.13"]
[Round "2"]
[White "Wasserman, Arie"]
[Black "Lipnowski, Samuel"]
[Result "0-1"]
[WhiteElo "1698"]
[BlackElo "2248"]
[PlyCount "58"]
[EventDate "2009.10.06"]
[EventType "swiss"]
[EventRounds "4"]
[EventCountry "CAN"]
[SourceTitle "EXT 2011"]
[Source "ChessBase"]
[SourceDate "2010.11.26"]
[SourceVersion "1"]
[SourceVersionDate "2010.11.26"]
[SourceQuality "1"]

1. e4 c5 2. Nf3 d6 3. Nc3 Nf6 4. h3 e6 5. Bc4 Be7 6. d3 0-0 7. 0-0 Nc6 8. Bf4 a6 9. a4 Bd7 10. Re1 Rc8 11. e5 dxe5 12. Nxe5 Nxe5 13. Bxe5 Bc6 14. Bb3 Bd6 15. Bxf6 Qxf6 16. Ne4 Qg6 17. f3 Be7 18. Qd2 Kh8 19. Qf4 Rfd8 20. Nf2 Bd6 21. Qg4 Qh6 22. Qc4 b5 23. axb5 axb5 24. Qc3 Qf4 25. Ra7 c4 26. dxc4 b4 27. Qe3 Qxe3 28. Rxe3 Bc5 29. Re2 Bxa7 0-1

[Event "Albert Boxer Classic op"]
[Site "Winnipeg"]
[Date "2009.05.31"]
[Round "5"]
[White "Wasserman, Arie"]
[Black "Gibbons, Lorne"]
[Result "1-0"]
[WhiteElo "1733"]
[BlackElo "1246"]
[PlyCount "97"]
[EventDate "2009.05.29"]
[EventType "swiss"]
[EventRounds "5"]
[EventCountry "CAN"]
[SourceTitle "EXT 2011"]
[Source "ChessBase"]
[SourceDate "2010.11.26"]
[SourceVersion "1"]
[SourceVersionDate "2010.11.26"]
[SourceQuality "1"]

1. e4 Nc6 2. Nf3 e6 3. d4 Bb4+ 4. Bd2 Bxd2+ 5. Qxd2 b6 6. Bb5 Nce7 7. Nc3 c6 8. Ba4 Ba6 9. Qg5 Ng6 10. Qe3 Nf6 11. h3 Nh5 12. 0-0-0 0-0 13. d5 exd5 14. exd5 Re8 15. Qd2 b5 16. Bb3 c5 17. a3 Nf6 18. Rhe1 Qb6 19. Ng5 c4 20. Ba2 Rab8 21. Nce4 Nxe4 22. Nxe4 d6 23. c3 Ne5 24. Bb1 Bb7 25. Qg5 Qd8 26. Qh5 f6 27. f4 Ng6 28. Qg4 Bc8 29. Qg3 Bf5 30. Qf3 a5 31. g4 Bc8 32. f5 Ne5 33. Qf4 a4 34. h4 h6 35. g5 hxg5 36. hxg5 Qd7 37. gxf6 Qxf5 38. Qxf5 Bxf5 39. Nxd6 Bxb1 40. Nxe8 Nd3+ 41. Kxb1 Nxe1 42. Rxe1 gxf6 43. Nxf6+ Kf7 44. Nd7 Rb7 45. Nc5 Rc7 46. Na6 Rd7 47. Nb4 Kf6 48. Re6+ Kf5 49. Rb6 1-0

[Event "Albert Boxer Classic op"]
[Site "Winnipeg"]
[Date "2009.05.30"]
[Round "2"]
[White "Wasserman, Arie"]
[Black "Letain, Cory"]
[Result "1/2-1/2"]
[WhiteElo "1733"]
[BlackElo "1581"]
[PlyCount "59"]
[EventDate "2009.05.29"]
[EventType "swiss"]
[EventRounds "5"]
[EventCountry "CAN"]
[SourceTitle "EXT 2011"]
[Source "ChessBase"]
[SourceDate "2010.11.26"]
[SourceVersion "1"]
[SourceVersionDate "2010.11.26"]
[SourceQuality "1"]

1. e4 e5 2. Nf3 Nf6 3. Nc3 Bb4 4. a3 Bxc3 5. dxc3 Nc6 6. Bg5 0-0 7. h3 d6 8. Nh2 h6 9. Bxf6 Qxf6 10. Be2 Be6 11. 0-0 Qg6 12. Qd3 f5 13. Bf3 fxe4 14. Bxe4 Bf5 15. Bxf5 Qxf5 16. Rae1 Rae8 17. Qb5 Rb8 18. Re3 Qxc2 19. Rg3 Qf5 20. Ng4 Kh8 21. Ne3 Qf7 22. Qd3 Ne7 23. Qe2 Nf5 24. Rf3 Qe6 25. Nxf5 Rxf5 26. Rg3 Rf6 27. Qe3 c5 28. Re1 Rg6 29. Rf3 Rf6 30. Rg3 1/2-1/2

[Event "Winnipeg TNT May op"]
[Site "Winnipeg"]
[Date "2009.05.26"]
[Round "4"]
[White "Wasserman, Arie"]
[Black "Lauritson, Jim"]
[Result "0-1"]
[WhiteElo "1704"]
[BlackElo "1940"]
[PlyCount "29"]
[EventDate "2009.05.05"]
[EventType "swiss"]
[EventRounds "4"]
[EventCountry "CAN"]
[SourceTitle "EXT 2011"]
[Source "ChessBase"]
[SourceDate "2010.11.26"]
[SourceVersion "1"]
[SourceVersionDate "2010.11.26"]
[SourceQuality "1"]

1. e4 c5 2. Nf3 e6 3. c3 Nf6 4. e5 Nd5 5. d4 cxd4 6. cxd4 d6 7. Bb5+ Bd7 8. Bxd7+ Nxd7 9. Nc3 Nxc3 10. bxc3 Qc7 11. Qb3 dxe5 12. dxe5 Nxe5 13. Nxe5 Qxe5+ 14. Be3 Bd6 15. f4 0-1

[Event "Winnipeg TNT April op"]
[Site "Winnipeg"]
[Date "2009.04.28"]
[Round "4"]
[White "Green, Aaron"]
[Black "Wasserman, Arie"]
[Result "1/2-1/2"]
[WhiteElo "1838"]
[BlackElo "1674"]
[PlyCount "145"]
[EventDate "2009.04.07"]
[EventType "swiss"]
[EventRounds "5"]
[EventCountry "CAN"]
[SourceTitle "EXT 2011"]
[Source "ChessBase"]
[SourceDate "2010.11.26"]
[SourceVersion "1"]
[SourceVersionDate "2010.11.26"]
[SourceQuality "1"]

1. e4 e5 2. Nf3 Nc6 3. d3 h6 4. Nbd2 Nf6 5. g3 Bc5 6. Bg2 d6 7. 0-0 Bg4 8. h3 Bh5 9. c3 Nh7 10. a4 a5 11. Nb3 Bb6 12. g4 Bg6 13. Qe2 Nf6 14. Be3 Bxe3 15. Qxe3 0-0 16. Nh2 Nh7 17. f4 exf4 18. Qxf4 Ng5 19. Nf3 Nxf3+ 20. Qxf3 Ne5 21. Qe3 Re8 22. Nd2 d5 23. d4 Nc4 24. Nxc4 dxc4 25. Qe2 Qg5 26. Qxc4 Qe3+ 27. Kh2 Qd2 28. e5 Kh8 29. Rfd1 Qf4+ 30. Kh1 Rxe5 31. Qf1 Qxf1+ 32. Rxf1 Re2 33. Bxb7 Rb8 34. Bd5 Rbxb2 35. Rf3 Rh2+ 36. Kg1 Rhg2+ 37. Kf1 Rh2 38. Re3 Rbd2 39. Kg1 Rhe2 40. Rg3 f6 41. Kf1 Rh2 42. Kg1 Rb2 43. Bg2 Rbxg2+ 44. Rxg2 Rxh3 45. Rc1 Be4 46. Rh2 Rg3+ 47. Kf2 Rxg4 48. Rg1 Rf4+ 49. Ke3 g5 50. Rxh6+ Kg7 51. Rh2 Bc6 52. Rf2 Rh4 53. Rgf1 Re4+ 54. Kd3 Re6 55. Kd2 Be4 56. c4 f5 57. d5 Rd6 58. Kc3 c5 59. Rb2 Rh6 60. Rb7+ Kf8 61. Rb5 Rh3+ 62. Kb2 Rh2+ 63. Ka1 Bd3 64. Rf3 Bxc4 65. Rxf5+ Ke7 66. Rb7+ Kd6 67. Rb6+ Kc7 68. Rc6+ Kd7 69. Rxg5 Bxd5 70. Rxc5 Bb3 71. Rxa5 Ra2+ 72. Kb1 Rxa4 73. Rxa4 1/2-1/2

[Event "Winnipeg TNT February op"]
[Site "Winnipeg"]
[Date "2009.02.10"]
[Round "2"]
[White "Wasserman, Arie"]
[Black "Oberton, Daniel"]
[Result "1/2-1/2"]
[WhiteElo "1640"]
[BlackElo "2002"]
[PlyCount "81"]
[EventDate "2009.02.03"]
[EventType "swiss"]
[EventRounds "4"]
[EventCountry "CAN"]
[SourceTitle "EXT 2011"]
[Source "ChessBase"]
[SourceDate "2010.11.26"]
[SourceVersion "1"]
[SourceVersionDate "2010.11.26"]
[SourceQuality "1"]

1. e4 c5 2. Nf3 d6 3. Bc4 Nf6 4. Ng5 e6 5. d3 Nc6 6. 0-0 g6 7. f4 Bg7 8. c3 0-0 9. Qe2 Na5 10. d4 Nxc4 11. Qxc4 h6 12. e5 d5 13. Qe2 Nd7 14. Nh3 b6 15. Be3 a5 16. Qd2 Ba6 17. Rf3 Kh7 18. a4 Qc7 19. Nf2 cxd4 20. cxd4 Qc4 21. Nc3 f6 22. Rh3 f5 23. Rc1 Rac8 24. Qd1 Qb4 25. Rb1 Rc7 26. Bc1 Rfc8 27. Be3 Bc4 28. Nd3 Bxd3 29. Qxd3 Bf8 30. Bd2 Qb3 31. Nb5 Qxd3 32. Rxd3 Rc4 33. b3 Rc2 34. Rc3 R8xc3 35. Bxc3 Kg7 36. Rb2 Rc1+ 37. Kf2 Nb8 38. Bd2 Rc6 39. Na7 Rc7 40. Nb5 Rc8 41. Na7 1/2-1/2

[Event "Winnipeg Grand Prix op-C"]
[Site "Winnipeg"]
[Date "2008.12.02"]
[Round "4"]
[White "Wasserman, Arie"]
[Black "Wiebe, Daniel"]
[Result "0-1"]
[WhiteElo "1676"]
[BlackElo "1789"]
[PlyCount "37"]
[EventDate "2008.11.04"]
[EventType "tourn"]
[EventRounds "6"]
[EventCountry "CAN"]
[SourceTitle "EXT 2011"]
[Source "ChessBase"]
[SourceDate "2010.11.26"]
[SourceVersion "1"]
[SourceVersionDate "2010.11.26"]
[SourceQuality "1"]

1. e4 c5 2. Nf3 d6 3. Nc3 a6 4. d4 cxd4 5. Nxd4 Nf6 6. Bg5 e6 7. Nf3 Nc6 8. Nd4 Be7 9. Nxc6 bxc6 10. Bd3 0-0 11. 0-0 Bd7 12. Be3 Qc7 13. f4 c5 14. Ne2 c4 15. e5 cxd3 16. exd6 dxe2 17. dxc7 exd1Q 18. Raxd1 Bb5 19. Rf2 0-1

[Event "Winnipeg Grand Prix op-C"]
[Site "Winnipeg"]
[Date "2008.11.04"]
[Round "1"]
[White "Evans, Brian"]
[Black "Wasserman, Arie"]
[Result "0-1"]
[WhiteElo "1524"]
[BlackElo "1676"]
[PlyCount "98"]
[EventDate "2008.11.04"]
[EventType "tourn"]
[EventRounds "6"]
[EventCountry "CAN"]
[SourceTitle "EXT 2011"]
[Source "ChessBase"]
[SourceDate "2010.11.26"]
[SourceVersion "1"]
[SourceVersionDate "2010.11.26"]
[SourceQuality "1"]

1. e4 e5 2. Nf3 Nc6 3. Bb5 Bc5 4. Bxc6 dxc6 5. Nxe5 Qd4 6. Nd3 Qxe4+ 7. Qe2 Qxe2+ 8. Kxe2 Bd6 9. Re1 Nf6 10. Kf1+ Be6 11. b3 0-0-0 12. Bb2 Rde8 13. Nc3 Bxh2 14. Ne4 Nxe4 15. Rxe4 Bd6 16. Rae1 Rhg8 17. f4 Kd7 18. Rd4 Kc8 19. Rde4 b6 20. f5 Bd7 21. Rxe8+ Bxe8 22. Bxg7 Bd7 23. f6 Bf5 24. Re3 Rd8 25. c3 Bf8 26. Bxf8 Bxd3+ 27. Ke1 Rxf8 28. Rxd3 h6 29. Rh3 Rh8 30. Re3 Kd8 31. Re7 Re8 32. Rxe8+ Kxe8 33. Ke2 Kd7 34. Kf3 Ke6 35. Kg4 Kxf6 36. Kf4 h5 37. d4 Kg6 38. c4 f6 39. b4 f5 40. d5 cxd5 41. cxd5 Kf6 42. b5 h4 43. a3 Kg6 44. g3 hxg3 45. Kxg3 Kg5 46. Kf3 f4 47. Kg2 Kf5 48. Kf3 Ke5 49. a4 Kxd5 0-1

[Event "Yanofsky Memorial op U1800"]
[Site "Winnipeg"]
[Date "2008.08.31"]
[Round "4"]
[White "Wasserman, Arie"]
[Black "Letain, Cory"]
[Result "1-0"]
[WhiteElo "1663"]
[BlackElo "1500"]
[PlyCount "109"]
[EventDate "2008.08.29"]
[EventType "swiss"]
[EventRounds "5"]
[EventCountry "CAN"]
[SourceTitle "EXT 2019"]
[Source "ChessBase"]
[SourceDate "2018.10.10"]
[SourceVersion "1"]
[SourceVersionDate "2018.10.10"]
[SourceQuality "1"]

1. e4 e5 2. Nf3 Nf6 3. Nc3 Nc6 4. Bc4 Bb4 5. a3 Bxc3 6. dxc3 0-0 7. Bg5 d6 8. h3 b6 9. Bd5 Bb7 10. Nh2 h6 11. Bh4 g5 12. Bg3 Nxd5 13. exd5 Ne7 14. Ng4 Kg7 15. c4 f5 16. h4 Nxd5 17. cxd5 fxg4 18. Qxg4 Bxd5 19. hxg5 Qxg5 20. Qxg5+ hxg5 21. f3 Rh8 22. 0-0-0 Rxh1 23. Rxh1 Rh8 24. Rd1 Bb7 25. b4 g4 26. Rg1 Kf6 27. f4 e4 28. Kd2 Kf5 29. Ke3 c5 30. c3 cxb4 31. axb4 Rc8 32. Be1 a5 33. bxa5 bxa5 34. Rh1 a4 35. Rh5+ Kf6 36. Rh6+ Kg7 37. Rxd6 Kf8 38. Rd7 Bc6 39. Ra7 Ra8 40. Rxa8+ Bxa8 41. c4 a3 42. Bc3 a2 43. g3 Kf7 44. Kd2 Ke6 45. Kc1 Kd6 46. Bb4+ Kc6 47. Kb2 Bb7 48. Kxa2 Ba6 49. Kb3 e3 50. f5 Bc8 51. f6 Be6 52. Kc3 Kd7 53. c5 Kc6 54. Kd3 Kb5 55. Ba3 1-0

[Event "Yanofsky Memorial op U1800"]
[Site "Winnipeg"]
[Date "2008.08.30"]
[Round "3"]
[White "Campbell, Gary"]
[Black "Wasserman, Arie"]
[Result "0-1"]
[WhiteElo "1659"]
[BlackElo "1663"]
[PlyCount "70"]
[EventDate "2008.08.29"]
[EventType "swiss"]
[EventRounds "5"]
[EventCountry "CAN"]
[SourceTitle "EXT 2019"]
[Source "ChessBase"]
[SourceDate "2018.10.10"]
[SourceVersion "1"]
[SourceVersionDate "2018.10.10"]
[SourceQuality "1"]

1. d4 Nf6 2. c4 d5 3. Nc3 c6 4. Nf3 Bf5 5. Qb3 Qc7 6. cxd5 cxd5 7. Nxd5 Nxd5 8. Qxd5 e6 9. Qb3 Nc6 10. Bd2 Bd6 11. Rc1 0-0 12. e3 Be4 13. Be2 Qd8 14. 0-0 Bd5 15. Qd3 f5 16. Ne1 Qh4 17. h3 Rf6 18. Bf3 Rg6 19. Bxd5 Qxh3 20. Bxe6+ Kh8 21. f4 Ne7 22. Qe2 Qg3 23. Qf2 Qxf2+ 24. Kxf2 Rxe6 25. Nf3 g6 26. Ng5 Rf6 27. Rh1 h5 28. g3 Kg7 29. e4 fxe4 30. Nxe4 Re6 31. Ng5 Rf6 32. Ne4 Rff8 33. Nc5 Bxc5 34. dxc5 Rad8 35. Ba5 Rc8 0-1

[Event "Winnipeg TNT August op"]
[Site "Winnipeg"]
[Date "2008.08.12"]
[Round "2"]
[White "Mandusic, Ante"]
[Black "Wasserman, Arie"]
[Result "0-1"]
[WhiteElo "1301"]
[BlackElo "1653"]
[PlyCount "48"]
[EventDate "2008.08.05"]
[EventType "swiss"]
[EventRounds "4"]
[EventCountry "CAN"]
[SourceTitle "EXT 2011"]
[Source "ChessBase"]
[SourceDate "2010.11.26"]
[SourceVersion "1"]
[SourceVersionDate "2010.11.26"]
[SourceQuality "1"]

1. Nf3 Nc6 2. g3 e5 3. d3 Bc5 4. Bg2 d6 5. 0-0 Nf6 6. e4 Bg4 7. Bg5 h6 8. Bxf6 Qxf6 9. h3 Bh5 10. Nc3 0-0-0 11. Nd5 Qe6 12. Qd2 g5 13. g4 Bg6 14. b4 Bd4 15. c3 Bb6 16. b5 Ne7 17. d4 h5 18. Nxe7+ Qxe7 19. d5 hxg4 20. hxg4 Bxe4 21. Qxg5 f6 22. Qd2 Qh7 23. Rae1 Bxf3 24. Bxf3 Qh2# 0-1

[Event "Winnipeg TNT July op"]
[Site "Winnipeg"]
[Date "2008.07.29"]
[Round "4"]
[White "Wasserman, Arie"]
[Black "Campbell, Gary"]
[Result "0-1"]
[WhiteElo "1634"]
[BlackElo "1637"]
[PlyCount "66"]
[EventDate "2008.07.08"]
[EventType "swiss"]
[EventRounds "4"]
[EventCountry "CAN"]
[SourceTitle "EXT 2011"]
[Source "ChessBase"]
[SourceDate "2010.11.26"]
[SourceVersion "1"]
[SourceVersionDate "2010.11.26"]
[SourceQuality "1"]

1. e4 c5 2. Nf3 Nc6 3. Nc3 Nf6 4. Bc4 e6 5. 0-0 a6 6. a4 d5 7. exd5 exd5 8. Re1+ Be7 9. Be2 0-0 10. d4 cxd4 11. Nxd4 Bc5 12. Be3 Qb6 13. Nxc6 bxc6 14. Bxc5 Qxc5 15. h3 Rb8 16. Rb1 Qb4 17. Bf3 Bf5 18. Re5 Bd7 19. Qd3 Qd6 20. Ree1 a5 21. Ne4 Nxe4 22. Rxe4 Bf5 23. g4 Bxe4 24. Bxe4 Qh6 25. Bg2 Qf6 26. b3 Rfe8 27. Qa6 Qc3 28. Rc1 Rxb3 29. cxb3 Qxc1+ 30. Kh2 Qc5 31. Kg1 g6 32. Qb7 Re1+ 33. Kh2 Qd6+ 0-1

[Event "Winnipeg TNT May op"]
[Site "Winnipeg"]
[Date "2008.05.06"]
[Round "1"]
[White "Wasserman, Arie"]
[Black "Nikouline, Alexandre"]
[Result "0-1"]
[WhiteElo "1633"]
[BlackElo "2123"]
[PlyCount "76"]
[EventDate "2008.05.06"]
[EventType "swiss"]
[EventRounds "4"]
[EventCountry "CAN"]
[SourceTitle "EXT 2011"]
[Source "ChessBase"]
[SourceDate "2010.11.26"]
[SourceVersion "1"]
[SourceVersionDate "2010.11.26"]
[SourceQuality "1"]

1. e4 c5 2. Nf3 e6 3. Bb5 g6 4. Nc3 Bg7 5. 0-0 Qc7 6. d3 Ne7 7. Be3 a6 8. Ba4 b5 9. Bb3 c4 10. dxc4 bxc4 11. Ba4 Qa5 12. Bd4 e5 13. Be3 0-0 14. Qd6 Nbc6 15. Bxc6 Nxc6 16. Nd5 Re8 17. Nc7 Bf8 18. Bd2 Bxd6 19. Bxa5 Bxc7 20. Bxc7 Nd4 21. Nxe5 Nb5 22. Nxc4 Nxc7 23. f3 d5 24. Nd6 Re6 25. Nxc8 Rxc8 26. exd5 Nxd5 27. c3 Rb8 28. Rab1 Re2 29. c4 Ne3 30. Rf2 Rbxb2 31. Rxe2 Rxe2 32. c5 Rxg2+ 33. Kh1 Rc2 34. Re1 Nf5 35. Re8+ Kg7 36. Ra8 Rxa2 37. c6 Rc2 38. Rxa6 Nd4 0-1

[Event "Winnipeg TNT April op"]
[Site "Winnipeg"]
[Date "2008.04.15"]
[Round "3"]
[White "Kong, Dezheng"]
[Black "Wasserman, Arie"]
[Result "1/2-1/2"]
[WhiteElo "1814"]
[BlackElo "1622"]
[PlyCount "74"]
[EventDate "2008.01.04"]
[EventType "swiss"]
[EventRounds "5"]
[EventCountry "CAN"]
[SourceTitle "EXT 2011"]
[Source "ChessBase"]
[SourceDate "2010.11.26"]
[SourceVersion "1"]
[SourceVersionDate "2010.11.26"]
[SourceQuality "1"]

1. d4 d5 2. c4 c6 3. Nc3 Nf6 4. Nf3 Bg4 5. e3 e6 6. Bd3 Bb4 7. a3 Bxc3+ 8. bxc3 Ne4 9. Bb2 Nd7 10. 0-0 Ng5 11. Be2 Nxf3+ 12. Bxf3 Bxf3 13. Qxf3 dxc4 14. a4 0-0 15. Ba3 Re8 16. Rab1 Rb8 17. Bd6 Rc8 18. Rxb7 Nf6 19. Bc5 Rc7 20. Rfb1 Rxb7 21. Rxb7 Qa5 22. e4 Qxa4 23. Rxa7 Qb5 24. Bb4 Qb6 25. Ra1 h6 26. g3 Qb7 27. Qe2 Ra8 28. Rxa8+ Qxa8 29. e5 Qa1+ 30. Kg2 Nd5 31. Qxc4 Qb1 32. Ba3 Qe4+ 33. Kg1 Qb1+ 34. Qf1 Qa2 35. Bb4 Qb2 36. Qc4 Qb1+ 37. Qf1 Qb2 1/2-1/2

[Event "Winnipeg TNT April op"]
[Site "Winnipeg"]
[Date "2008.04.08"]
[Round "2"]
[White "Wasserman, Arie"]
[Black "Martens, Peter"]
[Result "1-0"]
[WhiteElo "1622"]
[BlackElo "1181"]
[PlyCount "177"]
[EventDate "2008.01.04"]
[EventType "swiss"]
[EventRounds "5"]
[EventCountry "CAN"]
[SourceTitle "EXT 2011"]
[Source "ChessBase"]
[SourceDate "2010.11.26"]
[SourceVersion "1"]
[SourceVersionDate "2010.11.26"]
[SourceQuality "1"]

1. e4 e5 2. Nf3 Nc6 3. Bc4 Nf6 4. Nc3 Bb4 5. a3 Bxc3 6. dxc3 0-0 7. Bg5 h6 8. Bh4 a6 9. 0-0 Qe7 10. h3 Qc5 11. Bd3 d6 12. Bxf6 gxf6 13. Nh4 Ne7 14. Qf3 Kg7 15. Nf5+ Bxf5 16. exf5 a5 17. Rfe1 Qb6 18. Rab1 Rg8 19. c4 Kh7 20. Qh5 Rg7 21. Re4 Rag8 22. Bf1 Qc6 23. f3 Qc5+ 24. Kh1 Qf2 25. Rh4 Qd2 26. f4 Nxf5 27. Qxf5+ Rg6 28. fxe5 dxe5 29. Rg4 c6 30. Bd3 Qe3 31. Qd7 R8g7 32. Bxg6+ fxg6 33. Qd3 Qc5 34. Rf1 f5 35. Rg3 e4 36. Qc3 Qd6 37. Re3 b6 38. Ree1 h5 39. Rd1 Qc7 40. Rd2 f4 41. Rd4 Qe5 42. Rfd1 f3 43. gxf3 exf3 44. Qxf3 c5 45. c3 cxd4 46. cxd4 Qf5 47. Qxf5 gxf5 48. Rg1 Rc7 49. b3 a4 50. bxa4 Rxc4 51. Rd1 Rxa4 52. Rd3 Kg6 53. Kg2 f4 54. Kf3 Kf5 55. d5 b5 56. d6 Ra8 57. d7 Rd8 58. Rd5+ Ke6 59. Rxb5 Rxd7 60. Kxf4 Kf6 61. Rb3 Rd4+ 62. Ke3 Rh4 63. Kf2 Kg5 64. Kg3 Re4 65. Kg2 h4 66. Rb2 Re3 67. Ra2 Kf4 68. a4 Rg3+ 69. Kh2 Ke5 70. a5 Rg8 71. a6 Ra8 72. a7 Kd6 73. Kg2 Kc7 74. Kf3 Kb7 75. Kg4 Rxa7 76. Rxa7+ Kxa7 77. Kxh4 Kb7 78. Kg5 Kc7 79. Kg6 Kd7 80. h4 Ke7 81. Kg7 Ke6 82. h5 Kf5 83. h6 Kg5 84. h7 Kf5 85. h8Q Kg5 86. Qh6+ Kf5 87. Qf6+ Ke4 88. Qg5 Kd4 89. Kf6 1-0

[Event "Winnipeg TNT March op"]
[Site "Winnipeg"]
[Date "2008.03.04"]
[Round "1"]
[White "Wasserman, Arie"]
[Black "Oberton, Daniel"]
[Result "0-1"]
[WhiteElo "1622"]
[BlackElo "1961"]
[PlyCount "64"]
[EventDate "2008.03.04"]
[EventType "swiss"]
[EventRounds "4"]
[EventCountry "CAN"]
[SourceTitle "EXT 2011"]
[Source "ChessBase"]
[SourceDate "2010.11.26"]
[SourceVersion "1"]
[SourceVersionDate "2010.11.26"]
[SourceQuality "1"]

1. e4 c5 2. Nf3 d6 3. Nc3 Nf6 4. Bb5+ Bd7 5. Bxd7+ Nbxd7 6. d3 g6 7. Bg5 Bg7 8. Qd2 0-0 9. Bh6 Ng4 10. Bxg7 Kxg7 11. Qg5 Nge5 12. Nxe5 Nxe5 13. f4 h6 14. Qg3 Nc6 15. Nd5 Nd4 16. Ne3 Qb6 17. Kd2 Qb4+ 18. Kd1 Qxb2 19. Rc1 Qxa2 20. h4 h5 21. Qg5 f6 22. Qg3 f5 23. Qg5 Rae8 24. Rh3 Qf7 25. Rg3 Kh7 26. exf5 Nxf5 27. Rf3 Nxe3+ 28. Rxe3 Qxf4 29. Rxe7+ Rxe7 30. Qxe7+ Rf7 31. Qe1 Qf1 32. Ra1 Qxg2 0-1